| 000 | 00537nam a22001817a 4500 | ||
|---|---|---|---|
| 005 | 20230110160701.0 | ||
| 008 | 221220b |||||||| |||| 00| 0 eng d | ||
| 020 | _a978-818473-3969 | ||
| 041 | _aeng | ||
| 082 | _a615.19 BEA -W | ||
| 100 |
_aBEAIE , Jr. JHON M AND BLOCK JHON H. _97411 |
||
| 245 | _aWILSON AND GISVOID'S TEXT BOOK OF ORGANIC MEDICINAL AND PHARMACEUTICAL CHEMISTRY | ||
| 250 | _a11th ed. | ||
| 260 |
_aNEW DELHI _bWOLTERS KLUWER _c2004 |
||
| 300 | _a1010 ;P. | ||
| 650 |
_aPHARMACY _xB.PHARMA _97083 |
||
| 942 | _cBK | ||
| 999 |
_c8141 _d8139 |
||